000 00758cam a2200241 a 4500
001 1179076
005 20231120020007.0
008 970102s1997 ncu b 001 0 eng
020 _a0822320037 (cloth : acidfree paper)
020 _a0822319993 (pbk. : acidfree paper)
040 _aDLC
_cDLC
_dDLC
082 0 0 _a810.9/9287
_221
_bSUS
100 1 _aLurie, Susan.
245 1 0 _aUnsettled subjects :
_brestoring feminist politics to poststructuralist critique /
_cSusan Lurie.
260 _aDurham :
_bDuke University Press,
_c1997.
300 _a192 p. ;
650 0 _aFeminist literary criticism.
650 0 _aFeminism and literature.
650 0 _aWomen and literature.
650 0 _aMinority women in literature.
650 0 _aLiterature
942 _cL
999 _c37
_d37